Statistics for Квиз о Норвешкој

Click here to take the quiz!

General Stats

  • This quiz has been taken 109 times
  • The average score is 9 of 24

Answer Stats

ОписОдговор% Correct
Главни градОсло
100%
Државе са којима се граничиШведска
93%
Државе са којима се граничиФинска
92%
Државе са којима се граничиРусија
82%
Море које лежи између Норвешке
и Велике Британије
Северно море
78%
Реч која означава дуг, узак и дубок заливФјорд
67%
Највећи извозни производНафта
49%
Архипелаг на далеком северу НорвешкеСвалбард
35%
Насликао је "Врисак"Едвард Мунк
35%
Реч од четири слова којом се означава епска
прича из викиншког доба
Сага
33%
Спорт који укључује скијање и
пуцање из пушке
Биатлон
31%
Прва особа на јужном полуРоалд Амундсен
29%
Други највећи градБерген
28%
Оснивач прве нордијске насеобине
на Гренланду
{Ерик} Црвени
27%
Најчешћа презимена{Андер}сен
20%
Најчешћа презимена{Јохан}сен
17%
Град домаћин Зимских олимпијских
игара 1994.
Лилехамер
13%
Написао је "Луткину кућу"Хенрик Ибсен
12%
Најчешћа презимена{Хан}сен
12%
Традиционално јело, лутефиск се најчешће
прави од ове рибе
Бакалара
12%
Најчешћа презимена{Ол}сен
11%
Најсевернији град на свету са популацијом
преко 10,000
Хамерфест
7%
Најчешћа презимена{Лар}сен
5%
3 пута олимпијска шампионка
у уметничком клизању
Соња Хени
4%

Score Distribution

Percentile by Number Answered

Percent of People with Each Score

Your Score History

You have not taken this quiz